Регионална библиотека "Любен Каравелов" - Русе

Отровителка (Запис номер 425339)

MARC детайли
000 -Лидер
Контролно поле с фиксирана дължина nam a22 a 4500
003 - Код на организацията, давaща контролен номер
Контролно поле BLK
005 - Дата и час на последна редакция
Контролно поле 20211110102607.0
008 - Елементи от данни с фиксирана дължина
fixed length control field 210727b bul|||||r ||||||| ||bul||
040 ## - Източник на каталожния запис
Идентификатор на билиотеката - собственик на записа BLK
041 ## - Код за език
Код за езика на текст/звукозапис или на отделно заглавие Български
Код за езика КДБФ Български
080 ## - УДК
Текстов определител УДК Френска литература
УДК код - определител по УДК 821.133.1
УДК определител -31
УДК - код + определител 821.133.1-31
100 1# - Редна дума - Автор
R(LIN) 99119
Автор Мориак, Франсоа
Авторска отговорност първи автор
139 ## - Редно поле
Редна дума Мориак, Франсоа
245 10 - Сведения за заглавието
Заглавие Отровителка
Редно поле (дума) Франсоа Мориак ; Прев. от фр. М. Юрукова-Дамова
260 ## - Област на издателските данни
Място на издаване, разпространение и проч. София
Име на издателя, разпространителя и проч. Георги Д. Юруков
Година на издаване 1939
Печатница (София : Гладстон)
9 (RLIN) 460264
300 ## - Физическа характеристика
Страници 117, VI с.
Размери/Мащаб 20 см
380 ## - Жанр
Жанр Худож. лит.
490 ## - СЕРИИ (Колекции)
9 (RLIN) 205795
Име на серия Мозайка от знаменити съвременни романи
№: серия Г. XXVII, кн. 5
700 ## - Други автори (авторска отговорност)
9 (RLIN) 373084
Лично име Юрукова-Дамова, Мара Данаилова
Автороска отговорност (Описва отношението между автора и произведението) прев.
852 ## - Местоположение
Форматна сигнатура Цб 8.200.2721
Фондова буква Хранилище
999 ## - СИСТЕМНИ КОНТРОЛНИ НОМЕРА
Koha biblionumber 425339
Koha biblioitemnumber 425339
942 ## - АРТИКУЛИ
Вид на библиотечния материал Книги
Скрит в OPAC Не
Периодичен библиозапис Да
944 ## - СЪЗДАВАНЕ И РЕДАКЦИЯ на ЗАПИСА
Създаване/Редакция Създаване
Дата на регистрацията/редакция 2021-07-27
Служител, извършил регистрацията/редакцията ГГГ
999 ## - СИСТЕМНИ КОНТРОЛНИ НОМЕРА
Koha biblioitemnumber 425339
999 ## - СИСТЕМНИ КОНТРОЛНИ НОМЕРА
Koha biblioitemnumber 425339
Наличности
Код за отписване Код за изгубен артикул Източник на класификационната схема Код за повреда Коз за рестрикции Код за отдаване Артикулен № Име на библиотеката - собственик Име на библиотеката, в която се намира в момента Статус (Текущо местоположение) Дата на вписване в системата Местоположение - отдел Цена в лева Инвентарен номер Систематично азбучна сигнатура Баркод Цена в евро Служебен тип на артикула
  Не е изгубен Universal Decimal Classification Не е повреден само за читалня ползва се в читалня 846833 Регионална библиотека "Любен Каравелов" Русе Регионална библиотека "Любен Каравелов" Русе Хранилище 2021-08-05 Основен фонд - ползва се само за читалня 0.10 2721 Цб 8.200.2721 900000071345 0.05 Книги
Vip Innovations Ltd, Rousse, Bulgaria 2025